<?xml version="1.0" encoding="UTF-8"?>
<record
    xmlns:xsi="http://www.w3.org/2001/XMLSchema-instance"
    xsi:schemaLocation="http://www.loc.gov/MARC21/slim http://www.loc.gov/standards/marcxml/schema/MARC21slim.xsd"
    xmlns="http://www.loc.gov/MARC21/slim">

  <leader>00548nam a22001697a 4500</leader>
  <controlfield tag="005">20231121124138.0</controlfield>
  <controlfield tag="008">231121b        |||||||| |||| 00| 0 eng d</controlfield>
  <datafield tag="020" ind1=" " ind2=" ">
    <subfield code="a">8790730828</subfield>
  </datafield>
  <datafield tag="041" ind1=" " ind2=" ">
    <subfield code="a">English </subfield>
  </datafield>
  <datafield tag="082" ind1=" " ind2=" ">
    <subfield code="a">342.8 REP </subfield>
  </datafield>
  <datafield tag="100" ind1=" " ind2=" ">
    <subfield code="l">English </subfield>
  </datafield>
  <datafield tag="245" ind1=" " ind2=" ">
    <subfield code="a">Report of the African Commission's Working Group of Experts on Indigenous Populations / Communities </subfield>
  </datafield>
  <datafield tag="260" ind1=" " ind2=" ">
    <subfield code="a">North America : </subfield>
    <subfield code="b">Transaction Publishers, </subfield>
    <subfield code="c">2005</subfield>
  </datafield>
  <datafield tag="300" ind1=" " ind2=" ">
    <subfield code="b">121 pages ; </subfield>
    <subfield code="c">22 cm. </subfield>
  </datafield>
  <datafield tag="650" ind1=" " ind2=" ">
    <subfield code="a">Legal practice </subfield>
    <subfield code="b">Law</subfield>
  </datafield>
  <datafield tag="942" ind1=" " ind2=" ">
    <subfield code="c">BK</subfield>
    <subfield code="6">ALISON_BN_VRIES</subfield>
  </datafield>
  <datafield tag="999" ind1=" " ind2=" ">
    <subfield code="c">840</subfield>
    <subfield code="d">840</subfield>
  </datafield>
  <datafield tag="952" ind1=" " ind2=" ">
    <subfield code="0">0</subfield>
    <subfield code="1">0</subfield>
    <subfield code="2">ddc</subfield>
    <subfield code="4">0</subfield>
    <subfield code="6">342_800000000000000_REP</subfield>
    <subfield code="7">0</subfield>
    <subfield code="8">TXBK</subfield>
    <subfield code="9">1037</subfield>
    <subfield code="a">LSN</subfield>
    <subfield code="b">LSN</subfield>
    <subfield code="c">CAL</subfield>
    <subfield code="d">2023-11-21</subfield>
    <subfield code="l">0</subfield>
    <subfield code="o">342.8 REP</subfield>
    <subfield code="p">LSN/2009/138</subfield>
    <subfield code="r">2025-01-17 00:00:00</subfield>
    <subfield code="w">2023-11-21</subfield>
    <subfield code="y">BK</subfield>
  </datafield>
</record>
